Demográfiai évkönyv 1990 Magyarország népesedése
Uložené v:
| Médium: | Kniha |
|---|---|
| Jazyk: | Hungarian |
| Vydavateľské údaje: |
Budapest
Központi statisztikai hivatal
1992
|
| Vydanie: | 1. kiadás. |
| Predmet: | |
| Tagy: |
Žiadne tagy, Buďte prvý, kto otaguje tento záznam!
|
MARC
| LEADER | 00000nam a2200000 4500 | ||
|---|---|---|---|
| 001 | c002213 | ||
| 005 | 20250116131841.8 | ||
| 041 | 0 | |a hun | |
| 044 | |a HU | ||
| 245 | 1 | 0 | |a Demográfiai évkönyv 1990 |b Magyarország népesedése |
| 250 | |a 1. kiadás. | ||
| 264 | 1 | |a Budapest |b Központi statisztikai hivatal |c 1992 | |
| 300 | |a 433 s. | ||
| 610 | 2 | 0 | |a demografia |
| 610 | 2 | 0 | |a Maďarsko |
| 610 | 2 | 0 | |a obyvateľstvo |
| 610 | 2 | 0 | |a migrácia |
| 610 | 2 | 0 | |a populácia |
| 610 | 2 | 0 | |a úmrtnosť |